[Event "Mulhouse FIDE"]
[Site "Mulhouse"]
[Date "2002.07.16"]
[Round "11"]
[White "Schaub, Marc"]
[Black "Schertzer, Stephane"]
[Result "1/2-1/2"]
[WhiteElo "2019"]
[BlackElo "2050"]
[PlyCount "23"]
[EventDate "2002.??.??"]
[EventType "tourn"]
[EventRounds "11"]
[EventCountry "FRA"]
[SourceTitle "EXT 2003"]
[Source "ChessBase"]
[SourceDate "2002.11.25"]
[SourceVersion "1"]
[SourceVersionDate "2002.11.25"]
[SourceQuality "1"]

1. e4 c5 2. Nf3 d6 3. d4 cxd4 4. Nxd4 Nf6 5. Nc3 a6 6. Bg5 e6 7. f4 Nbd7 8. Bc4 Qc7 9. Bb3 b5 10. Qe2 Bb7 11. 0-0-0 Nc5 12. Bxf6 1/2-1/2

[Event "Mulhouse FIDE"]
[Site "Mulhouse"]
[Date "2002.07.15"]
[Round "10"]
[White "Schertzer, Stephane"]
[Black "L'Hostis, Severin"]
[Result "1/2-1/2"]
[WhiteElo "2050"]
[BlackElo "2044"]
[PlyCount "22"]
[EventDate "2002.??.??"]
[EventType "tourn"]
[EventRounds "11"]
[EventCountry "FRA"]
[SourceTitle "EXT 2003"]
[Source "ChessBase"]
[SourceDate "2002.11.25"]
[SourceVersion "1"]
[SourceVersionDate "2002.11.25"]
[SourceQuality "1"]

1. d4 d5 2. Nf3 Nf6 3. Bf4 e6 4. e3 Bd6 5. Bxd6 cxd6 6. Bd3 0-0 7. c4 dxc4 8. Bxc4 b6 9. Nc3 Ba6 10. Bxa6 Nxa6 11. Qe2 Nb4 1/2-1/2

[Event "Mulhouse FIDE"]
[Site "Mulhouse"]
[Date "2002.07.13"]
[Round "6"]
[White "Schertzer, Stephane"]
[Black "Baeumlin, Francois"]
[Result "0-1"]
[WhiteElo "2050"]
[BlackElo "1960"]
[PlyCount "90"]
[EventDate "2002.??.??"]
[EventType "tourn"]
[EventRounds "11"]
[EventCountry "FRA"]
[SourceTitle "EXT 2003"]
[Source "ChessBase"]
[SourceDate "2002.11.25"]
[SourceVersion "1"]
[SourceVersionDate "2002.11.25"]
[SourceQuality "1"]

1. d4 c5 2. c3 d5 3. Nf3 Nc6 4. Bf4 Nf6 5. dxc5 Bf5 6. Nd4 Bg6 7. Qa4 Qc8 8. e3 a6 9. Nxc6 bxc6 10. Nd2 Qb7 11. Be2 Nd7 12. b4 e5 13. Bg3 a5 14. Nb3 axb4 15. Qxb4 Qa7 16. 0-0 f6 17. c4 dxc4 18. Bxc4 Bxc5 19. Qc3 Rb8 20. Be6 Ke7 21. Bxd7 Bb4 22. Qxc6 Qxd7 23. Qxd7+ Kxd7 24. Rfd1+ Ke7 25. f4 Bc2 26. Rd5 Ke6 27. e4 Bxe4 28. Rdd1 Rbc8 29. fxe5 fxe5 30. Rf1 Rc2 31. Rf2 Rhc8 32. Raf1 Bd5 33. Rxc2 Rxc2 34. Rf2 Bxb3 35. axb3 Bc5 36. Kf1 Bxf2 37. Bxf2 Rb2 38. Be3 Kd5 39. b4 Rxb4 40. Kf2 Rb2+ 41. Kf3 Rb3 42. Kf2 Ke4 43. Bc1 Kd3 44. h4 e4 45. g4 Rc3 0-1

[Event "Mulhouse FIDE"]
[Site "Mulhouse"]
[Date "2002.07.10"]
[Round "3"]
[White "Schertzer, Stephane"]
[Black "Hassler, Franck"]
[Result "0-1"]
[WhiteElo "2050"]
[BlackElo "2129"]
[PlyCount "96"]
[EventDate "2002.??.??"]
[EventType "tourn"]
[EventRounds "11"]
[EventCountry "FRA"]
[SourceTitle "EXT 2003"]
[Source "ChessBase"]
[SourceDate "2002.11.25"]
[SourceVersion "1"]
[SourceVersionDate "2002.11.25"]
[SourceQuality "1"]

1. d4 f5 2. Nc3 d5 3. e4 fxe4 4. Qh5+ g6 5. Qxd5 Nf6 6. Qxd8+ Kxd8 7. Be3 Bf5 8. h3 h5 9. 0-0-0 Nbd7 10. Bc4 Nb6 11. Bb3 e6 12. Nge2 c6 13. Bg5 Bg7 14. Nf4 Kd7 15. Rhe1 Nbd5 16. Na4 b6 17. c4 Nb4 18. f3 exf3 19. gxf3 Nh7 20. h4 Nxg5 21. hxg5 Bf8 22. a3 Bd6 23. Nc5+ bxc5 24. dxc5 Nd5 25. Nxd5 exd5 26. cxd6 Kxd6 27. cxd5 c5 28. Kd2 Rae8 29. Bc4 h4 30. Rxe8 Rxe8 31. Rh1 h3 32. Rh2 Re5 33. b3 a5 34. Rf2 Re8 35. Rh2 Rh8 36. Ke3 Rh4 37. a4 Ke5 38. d6 Kxd6 39. f4 Rh7 40. Kf3 Re7 41. Rd2+ Kc6 42. Bd5+ Kc7 43. Kf2 Rd7 44. Ke3 Rd6 45. Bh1 Re6+ 46. Kf2 Rb6 47. Bd5 Rd6 48. Ke3 Bd7 0-1

[Event "Mulhouse FIDE"]
[Site "Mulhouse"]
[Date "2002.07.09"]
[Round "2"]
[White "Fischer, Marc"]
[Black "Schertzer, Stephane"]
[Result "1/2-1/2"]
[WhiteElo "2071"]
[BlackElo "2050"]
[PlyCount "37"]
[EventDate "2002.??.??"]
[EventType "tourn"]
[EventRounds "11"]
[EventCountry "FRA"]
[SourceTitle "EXT 2003"]
[Source "ChessBase"]
[SourceDate "2002.11.25"]
[SourceVersion "1"]
[SourceVersionDate "2002.11.25"]
[SourceQuality "1"]

1. d4 d5 2. c4 c6 3. cxd5 cxd5 4. Nc3 Nf6 5. Bf4 a6 6. e3 e6 7. Bd3 Bd6 8. Bxd6 Qxd6 9. Nf3 Nc6 10. a3 Bd7 11. 0-0 0-0 12. h3 h6 13. b4 b5 14. Qd2 Rfc8 15. Rfc1 Ne7 16. Ne2 Rxc1+ 17. Qxc1 Qc6 18. Qc2 Qxc2 19. Bxc2 1/2-1/2

[Event "FRA-chT 0102 U18"]
[Site "France"]
[Date "2002.??.??"]
[Round "4.1"]
[White "Schertzer, Stephane"]
[Black "Viana, Julien"]
[Result "1-0"]
[WhiteElo "1870"]
[BlackElo "1900"]
[PlyCount "83"]
[EventDate "2001.10.??"]
[EventType "team"]
[EventRounds "11"]
[EventCountry "FRA"]
[SourceTitle "EXT 2003"]
[Source "ChessBase"]
[SourceDate "2002.11.25"]
[SourceVersion "1"]
[SourceVersionDate "2002.11.25"]
[SourceQuality "1"]
[WhiteTeam "Mulhouse"]
[BlackTeam "Livry Gargan"]
[WhiteTeamCountry "FRA"]
[BlackTeamCountry "FRA"]

1. d4 d5 2. Nf3 Nf6 3. Bf4 e6 4. e3 Nbd7 5. Bd3 h6 6. h3 c5 7. c3 cxd4 8. exd4 a6 9. Nbd2 b5 10. 0-0 Nb6 11. b3 Bd6 12. Ne5 0-0 13. a4 bxa4 14. bxa4 Qc7 15. Qf3 Nbd7 16. Rae1 Kh8 17. Re3 Ne8 18. Bxh6 Bxe5 19. dxe5 Nxe5 20. Qh5 Nf6 21. Bxg7+ Kxg7 22. Qxe5 Qxe5 23. Rxe5 Bd7 24. a5 Bb5 25. c4 dxc4 26. Bxc4 Rfd8 27. Bxb5 axb5 28. Nb3 Rd5 29. Rxd5 Nxd5 30. Ra1 Kf6 31. a6 Nb4 32. Nc5 Ke5 33. Rb1 Nxa6 34. Nxa6 Rxa6 35. Rxb5+ Kf6 36. g4 Ra8 37. Kg2 Kg6 38. Kg3 f6 39. h4 e5 40. h5+ Kh6 41. f3 Rd8 42. Rb1 1-0